00305nam a22000977a 4500008004100000082001700041100003200058245006100090260004700151300000900198230703b xxu||||| |||| 00| 0 eng d a342.669bNIG cFederal Republic of Nigeria aThe Constitution of the Federal Republic of Nigeria 1979 aNigeriabFederal Republic of Nigeriac1980 a118p